01935nam a2200169Ia 4500008004100000050002100041245016300062260008000225300001900305490003600324500018300360505107400543650004101617650002501658650003701683700004501720191019b2004 mx a|||| |||| 00| 0 spa d aF1210 bH57 2004 aHistoria de la vida cotidiana en Méxicob: Tomo 1: Mesoamérica y los ámbitos indígenas de la Nueva España c/ coordinador Pablo, Escalante Golzalbo  aMéxico b: El Colegio de México : Fondo de Cultura Económicac, 2004  a542 páginas  aSección de obras de historia  aIncluye: Contenido, Introducción general (pp. 11 - 16), Presentación (pp. 17 - 18), Fichas técnicas de ilustraciones (pp. 525 - 532), Índice analítico (pp. 533 - 542) aLa vida en los orígenes de la civilización mesoamericana. Los Olmecas de San Lorenzo La vida urbana en el periodo Clásico mesoamericano. Teotihuacán hacia el año 600 d.c. La vida cotidiana de los mayas durante el período Clásico El hombre y la montaña. Vivir con los confines septentrionales de Mesoamérica Los barrios de Tenochtitlán, Topografía, organización interna y tipología de sus predios La ciudad, la gente y las costumbres La casa, el cuerpo y las emociones La cortesía, los afectos y la sexualidad La vida cotidiana del último tlatoani mexica Homosexualidad y prostitución entre los nahuas y otros pueblos del Posclásico Días de guerra, Vivir la conquista Los pueblos, los conventos y la liturgia La educación y el cambio tecnológico El ámbito civil, el orden y las personas La vida en el noroeste. Misiones jesuitas, pueblos reales de minas Vidas fugitivas: los pueblos mayas de huidos en Yucatán La nobleza indígena en la Nueva España: circunstancias, costumbres y actitudes  0aMÉXICO vVIDA SOCIAL Y COSTUMBRES  0aMÉXICO vHISTORIA  0aMÉXICO vCONDICIONES SOCIALES  aEscalante Golzalbo, Pablo ecoordinador